Visualizzazione normale
Vista MARC
- Bibbia
di Uniform Title
Records bibliografici associati: 1
001 - CONTROL NUMBER
- control field: 61815
003 - CONTROL NUMBER IDENTIFIER
- control field:
005 - DATE AND TIME OF LATEST TRANSACTION
- control field: 20250317091315.0
008 - FIXED-LENGTH DATA ELEMENTS
- fixed length control field: 250317|| aca||aabn | a|a d
040 ## - CATALOGING SOURCE
- Original cataloging agency:
- Transcribing agency:
130 ## - HEADING--UNIFORM TITLE
- Uniform title: Bibbia
- Form subdivision: N.T.
- General subdivision: Atti degli Apostoli
670 ## - SOURCE DATA FOUND
- Source citation: Work cat.: ()360428: Quaglia, Rocco, psicologo, psicoterapeuta 1946- autore 61814, Il Dio sconosciuto :, 2016.